logo

Bir Sreshtho Munshi Abdur Rouf Library
Jhenaidah Cadet College

এহ্ইয়াউস সুনান : (Record no. 6115)

MARC details
000 -LEADER
fixed length control field 00925nam a2200241 a 4500
001 - CONTROL NUMBER
JCCL Control Number 6115
003 - CONTROL NUMBER IDENTIFIER
JCCL marc code BD-JhCC
005 - DATE AND TIME OF LATEST TRANSACTION
control field 20210923134021.0
008 - FIXED-LENGTH DATA ELEMENTS--GENERAL INFORMATION
fixed length control field 180101s2007 xxu||||| |||| 00| 0 ben d
035 ## - SYSTEM CONTROL NUMBER
system control number (BD-JhCC)6115
040 ## - CATALOGING SOURCE
Original cataloging agency BD-JhCC
Modifying agency BD-JhCC
041 ## - LANGUAGE CODE
Language code of Book ben
082 ## - DEWEY DECIMAL CLASSIFICATION NUMBER
Classification number 297.124
Author mark and Year JAH 2007
100 ## - MAIN ENTRY--PERSONAL NAME
Personal name জাহাঙ্গীর, ড. খোন্দকার আব্দুল্লাহ
245 ## - TITLE STATEMENT
Title এহ্ইয়াউস সুনান :
Remainder of title সুন্নাতের পুনরুজ্জীবন ও বিদআতের বিসর্জন /
Statement of responsibility, etc ড. খোন্দকার আব্দুল্লাহ জাহাঙ্গীর
250 ## - EDITION STATEMENT
Edition statement 5th ed.
260 ## - PUBLICATION, DISTRIBUTION, ETC. (IMPRINT)
Place of publication, distribution, etc ঝিনাইদহ :
Name of publisher, distributor, etc আস-সুন্নাহ পাবলিকেশন্স;
Date of publication, distribution, etc 2007
300 ## - PHYSICAL DESCRIPTION
Pagination 575 p. :
Dimensions 22 cm.
650 ## - SUBJECT ADDED ENTRY--TOPICAL TERM
Topical term or geographic name as entry element Hadith
650 ## - SUBJECT ADDED ENTRY--TOPICAL TERM
Topical term or geographic name as entry element Islam
942 ## - ADDED ENTRY ELEMENTS (KOHA)
Source of classification or shelving scheme Dewey Decimal Classification
Koha item type Books
Koha issues (borrowed), all copies 8
Holdings
Source of classification or shelving scheme Damaged status Not for loan Home library Current library Shelving location Date of accession Cost, normal purchase price Total Checkouts Full call number Barcode Date last seen Date checked out Copy number Koha item type
Dewey Decimal Classification     JCC Rouf Library JCC Rouf Library General Stacks 01/01/2018 260.00 2 297.124 JAH 2007 401 08/17/2023 09/22/2021 C - 1 Books
Dewey Decimal Classification     JCC Rouf Library JCC Rouf Library General Stacks   260.00 2 297.124 JAH 2007 402 04/20/2020 03/30/2020 C - 2 Books

JCC Library | Contacts | JCC Home

Last Update on 23 September 2017
Copyright @ 2017-2020 JCC Rouf Library
Rouf Library, Jhenidah Cadet College (JCC), Bangladesh